নোয়াখালীর চরিতাভিধান / (Record no. 27529)
[ view plain ]
| 000 -LEADER | |
|---|---|
| fixed length control field | 00736nam a22001937a 4500 |
| 003 - CONTROL NUMBER IDENTIFIER | |
| control field | BDDh-ASL |
| 005 - DATE AND TIME OF LATEST TRANSACTION | |
| control field | 20231016062615.0 |
| 008 - FIXED-LENGTH DATA ELEMENTS--GENERAL INFORMATION | |
| fixed length control field | 201022s1990 b ||||| |||| 00| 0 be d |
| 040 ## - CATALOGING SOURCE | |
| Original cataloging agency | BDDh-ASL |
| Transcribing agency | BDDh-ASL |
| 041 ## - LANGUAGE CODE | |
| Language code of text/sound track or separate title | ben |
| 082 ## - DEWEY DECIMAL CLASSIFICATION NUMBER | |
| Classification number | 920.754926 |
| Item number | CHN |
| 100 1# - MAIN ENTRY--PERSONAL NAME | |
| Personal name | চৌধুরী, জাহিদুল গণি |
| 9 (RLIN) | 5711 |
| 245 10 - TITLE STATEMENT | |
| Title | নোয়াখালীর চরিতাভিধান / |
| 246 ## - VARYING FORM OF TITLE | |
| Title proper/short title | Noakhalir Choritabhidhan |
| 260 ## - PUBLICATION, DISTRIBUTION, ETC. | |
| Place of publication, distribution, etc. | ঢাকা: |
| Name of publisher, distributor, etc. | এস আই চৌধুরী, টি আই চৌধুরী, |
| Date of publication, distribution, etc. | ১৯৯০। |
| 300 ## - PHYSICAL DESCRIPTION | |
| Extent | ১৩৪ পৃষ্ঠা, : |
| Dimensions | ২২ সে. মি. |
| 650 #0 - SUBJECT ADDED ENTRY--TOPICAL TERM | |
| Topical term or geographic name entry element | biographical dictionary - চরিতাভিধান |
| 9 (RLIN) | 4665 |
| 942 ## - ADDED ENTRY ELEMENTS (KOHA) | |
| Source of classification or shelving scheme | Dewey Decimal Classification |
| Koha item type | Books |
| Withdrawn status | Lost status | Source of classification or shelving scheme | Damaged status | Not for loan | Collection code | Home library | Current library | Shelving location | Date acquired | Source of acquisition | Total Checkouts | Full call number | Barcode | Date last seen | Copy number | Price effective from | Koha item type |
|---|---|---|---|---|---|---|---|---|---|---|---|---|---|---|---|---|---|
| Dewey Decimal Classification | Non-fiction | Asiatic Society Library | Asiatic Society Library | General Stacks | 11/04/2021 | ASB Collection | 920.754926 CHN | 113646 | 11/04/2021 | C-1 | 11/04/2021 | Books |